| 000 | 00509nam a2200181Ia 4500 | ||
|---|---|---|---|
| 005 | 20250326123856.0 | ||
| 008 | 250326s9999 xx 000 0 und d | ||
| 037 | _aTextbook | ||
| 040 |
_aFMSL _beng _cFMSL |
||
| 041 |
_aeng _2eng |
||
| 084 |
_aS4(X8(HX):8) K3 _qFMSL |
||
| 100 |
_aTrist E L _9153509 |
||
| 245 | 0 |
_aOrganizational choice _cTrist E L; Higgin G W |
|
| 260 |
_aLondon _bLondon, Tavistock _c1963 |
||
| 300 | _a332p | ||
| 942 |
_cTB _hS4(X8(HX):8) K3 |
||
| 999 |
_c1271306 _d1271306 |
||